Elche CF Current Squad - Statistics

General Stats
  • This quiz has been taken 5 times
    2 since last reset
  • The average score is 9 of 36
Answer Stats
# Position Nation Player Name % Correct
20 FW Uruguay Álvaro Rodríguez
100%
- Coach Spain Eder Sarabia
100%
39 DF Spain Héctor Fort
100%
10 FW Spain Rafa Mir
100%
3 DF Spain Adrià Pedrosa
50%
14 MF Spain Aleix Febas
50%
22 DF Austria David Affengruber
50%
11 MF Spain Germán Valera
50%
13 GK Spain Iñaki Peña
50%
16 MF Portugal Martim Neto
50%
1 GK Argentina Matías Dituro
50%
6 DF Spain Pedro Bigas
50%
23 DF Spain Víctor Chust
50%
32 FW Morocco Adam Boayar
0%
27 DF Romania Albert Niculăesei
0%
45 GK Spain Alejandro Iturbe
0%
35 DF Morocco Ali Houary
0%
15 DF Spain Álvaro Núñez
0%
9 FW Portugal André Silva
0%
37 MF Spain Antonio Martínez
0%
- GK Argentina Axel Werner
0%
- DF Spain Bakary Traoré
0%
4 DF Spain Bambo Diaby
0%
5 MF Argentina Federico Redondo
0%
12 FW Democratic Congo Grady Diangana
0%
18 DF Spain John Donald
0%
17 MF Spain Josan
0%
21 DF France Léo Pétrot
0%
8 MF Spain Marc Aguado
0%
- DF Croatia Matía Barzić
0%
19 FW Morocco Mourad El Ghezouani
0%
34 FW Morocco Nordin Al Lal
0%
40 GK Spain Owen Bosch
0%
- FW Dominican Republic Rafa Núñez
0%
30 MF Spain Rodrigo Mendoza
0%
7 MF Spain Yago Santiago
0%
No matching quizzes found
Score Distribution
Percent of People with Each Score
Percentile by Number Answered
Your Score History
You have not taken this quiz since the last reset